| 000 | 00511nam a2200181Ia 4500 | ||
|---|---|---|---|
| 999 |
_c34162 _d34162 |
||
| 003 | OSt | ||
| 005 | 20200826100643.0 | ||
| 008 | 190216s9999||||xx |||||||||||||| ||und|| | ||
| 020 | _a8174939032 | ||
| 040 | _coclc | ||
| 082 |
_a530.028 _bTAY/U |
||
| 100 |
_aTayal, D C _94343 |
||
| 245 | 0 |
_aUniversity Practical Physics / _cD C Tayal |
|
| 260 |
_bHimalaya Publishing House, _aMumbai: _c2000. |
||
| 300 | _a548p | ||
| 650 | _aPhysics | ||
| 942 |
_cBK _2ddc _h530.028 _iTAY/U _k530.028 _mTAY/U |
||